Rivières du Gard - Statistiques

Statistiques générales
  • Ce quiz a été pris 47 fois
  • Le résultat moyen est 7 sur 15
Statistiques - réponses
Hint Réponse % Correct
A donné son nom au département Gardon/Gard
100%
Fleuve sur l'est du département Rhône
87%
Fleuve prenant sa source au Mont Aigoual etdonnant son nom à un département voisin Hérault
71%
Rivière formant des gorges impressionnantes à la frontière avec l'Ardèche Ardèche
65%
Rivière passant à Bessèges, Saint Ambroix, La Roque et Bagnols. Cèze
65%
Fleuve passant à Sommières et se jettant dans la Méditerranée au Grau du Roi Vidourle
55%
Un Gardon passant par Alès et la Grand-Combe Gardon d'Alès
45%
Rivière cévenole formant des gorges Vis
45%
Un Gardon passant par Anduze Gardon d'Anduze
42%
Branche d'un fleuve vu plus haut se séparant à Arles (13) et continuant sur la rive est de Saint Gilles Petit Rhône
42%
Un Gardon passant par Saint-Jean-du-Gard Gardon de Saint-Jean
32%
Rivière prenant sa source au Martinet, passant parSalindres et se jettant dans un Gardon à Saint-Hilaire Avène
16%
Rivière passant à Genolhac, passantsous le pont de Rastel Luech
16%
Un Gardon passant sous le pont des Camisards Gardon de Mialet
13%
Principal affluent du n°11 se frayant dans les Cévennes Galeizon
10%
Aucun quiz correspondant
Distribution des résultats
% des personnes avec chaque résultat
Percentile par nombre de réponses
Votre historique - résultats
Vous n’avez pas pris ce quiz